000 00579nam a2200169 a 4500
001 000022551
005 20200930021654.0
008 101013s2003 dr a 001 0 spa d
020 _a1890829242
040 _aDO-SdBNP
_bspa
_cBNPHU
100 1 _aCorzo, Pedro
_946418
245 1 0 _aCuba :
_bcronología de la lucha contra el totalitarismo /
_cPedro Corzo ; prólogo Enrique Ros.
260 _aMiami :
_bInstituto de la Memoria Histórica Cubana
_bEdiciones Memorias,
_c2003.
300 _a491 p. :
_bil.,retrs. ;
_c22 cm.
700 1 _aRos, Enríquez
_epról.
_946419
049 _aBNPD
999 _c22048
_d22048